[Event "AUTO-ELITE-1745"]
[Site "http://www.queenalice.com/game.php?id=1481076"]
[Date "2017.6.4"]
[Round "2"]
[White "Suso71"]
[Black "ezat"]
[Result "1-0"]
[WhiteElo "2857"]
[BlackElo "2336"]

1. e4 c5 2. Nf3 d6 3. d4 cxd4 4. Nxd4 Nf6 5. Nc3 a6 6. Be3 Ng4 7. Bg5 h6 8. Bh4
g5 9. h3 Nf6 10. Bg3 Qb6 11. Nb3 Bg7 12. Qd2 Be6 13. O-O-O Nc6 14. f3 Bxb3 15.
cxb3 Qb4 16. Be1 Nh5 17. Kb1 Nf4 18. h4 Rc8 19. g3 Ne6 20. Qg2 Qc5 21. hxg5 hxg5
22. Rxh8+ Bxh8 23. Nd5 Ne5 24. b4 Qa7 25. b5 Nc4 26. Bf2 Qb8 27. Qh1 Bg7 28. Qh7
Kf8 29. Bh3 Re8 30. Bxe6 fxe6 31. Bd4 Bxd4 32. Rxd4 exd5 33. Qf5+ Kg7 34. Qxg5+
Kf7 35. Qf5+ Kg7 36. exd5 Ne5 37. Qg5+ Kf8 38. Rf4+ 1-0

[Event "AUTO-ELITE-2015"]
[Site "http://www.queenalice.com/game.php?id=1537290"]
[Date "2018.8.2"]
[Round "1"]
[White "etuz"]
[Black "ezat"]
[Result "1-0"]
[WhiteElo "2222"]
[BlackElo "2277"]

1. e4 e5 2. Nc3 Nc6 3. Nf3 Nf6 4. Bc4 Nxe4 5. Nxe4 d5 6. Bd3 dxe4 7. Bxe4 Bd6 8.
O-O Qf6 9. d3 h6 10. c3 Bf5 11. Be3 O-O 12. Qb3 Rab8 13. Qc2 a5 14. a4 Qe6 15.
Nh4 Bh7 16. Bxh7+ Kxh7 17. Nf3 f5 18. Rfe1 Rbe8 19. Bf4 Qf7 20. Bd2 e4 21. Nd4
Qd5 22. Be3 Ne5 23. dxe4 fxe4 24. Nb5 Nd3 25. Rf1 Be5 26. Rad1 c6 27. Nd4 c5 28.
Ne2 c4 29. Ng3 Qc6 30. b3 Rd8 31. bxc4 Qxc4 32. Rb1 Bxg3 33. hxg3 Rd7 34. Rb5
Kg8 35. Qb1 Qxc3 36. Rxb7 Rxb7 37. Qxb7 Qe5 38. Rb1 Nb4 39. Rd1 Nd3 40. Rb1 Kh7
41. Qd7 Rf6 42. Rb7 Rd6 43. Qe7 Rd5 44. Qf7 Qa1+ 45. Kh2 Qe5 46. Kh3 Rd6 47. g4
Ra6 48. Re7 Qf6 49. Qxf6 Rxf6 50. Kg3 Ra6 51. Bd4 Rg6 52. Rxe4 Rd6 53. f3 Rd5
54. Ba1 Rd7 55. Rc4 g5 56. Bc3 Ra7 57. Rd4 Nc5 58. Kf2 Ra6 59. g3 Rc6 60. Bxa5
Ra6 61. Bb4 Nxa4 62. f4 Kg7 63. Rd7+ Kh8 64. fxg5 hxg5 65. Kf3 Rb6 66. Be7 Rb5
67. Bf6+ Kg8 68. Rg7+ Kf8 69. Rxg5 Rb3+ 70. Kf4 Kf7 71. Ra5 Kxf6 72. g5+ Kg6 73.
Rxa4 Rb6 74. Kg4 Rb2 75. Ra6+ Kh7 76. Kh3 Kg7 77. Kh4 Rh2+ 78. Kg4 Rc2 79. Rd6
Rb2 80. Rf6 Rb3 81. Rd6 Rb1 82. Ra6 Rb4+ 83. Kh5 Rb7 84. g4 Re7 85. g6 Rd7 86.
g5 Rc7 87. Rd6 Rb7 88. Rd8 Ra7 89. Rd6 Rb7 90. Rd8 Rc7 91. Rd6 1-0

[Event "AUTO-ELITE-2015"]
[Site "http://www.queenalice.com/game.php?id=1537291"]
[Date "2018.8.2"]
[Round "1"]
[White "ezat"]
[Black "etuz"]
[Result "0-1"]
[WhiteElo "2329"]
[BlackElo "2219"]

1. e4 e6 2. Qe2 Nc6 3. Nf3 Nf6 4. Nc3 a5 5. e5 Nd5 6. Nxd5 exd5 7. Qb5 Nb4 8.
Qa4 Be7 9. d4 Rb8 10. Kd1 c5 11. a3 Nc6 12. dxc5 Bxc5 13. Qf4 d6 14. Qg3 Kf8 15.
exd6 Bf5 16. Bf4 Qb6 17. b4 Bxf2 18. Qg5 Be4 19. c3 h6 20. Qg4 Rd8 21. Be2 g5
22. Bg3 Qe3 23. Bxf2 Qxf2 24. Kd2 Rxd6 25. Rhf1 Qb6 26. Qg3 Re6 27. Qf2 Qxf2 28.
Rxf2 Kg7 29. b5 Bxf3 30. Bxf3 Ne5 31. Bxd5 Rd8 32. c4 Nxc4+ 33. Kc3 Rxd5 34.
Kxc4 Ree5 35. a4 f5 36. Kc3 Re4 37. Rff1 Kf6 38. Rf2 Rdd4 39. Rd2 Rc4+ 40. Kd3
Rxa4 41. Rxa4 Rxa4 42. Kc3 Ke6 43. Rd8 Rb4 44. Rh8 Rxb5 45. Rxh6+ Ke5 46. h4
gxh4 47. Rxh4 Rc5+ 48. Kb3 b5 49. Rh6 Rc4 50. Ra6 a4+ 51. Ka2 Rd4 52. Kb2 Kd5
53. Kc1 Rg4 54. Ra7 Rxg2 55. Ra8 f4 56. Rf8 Ke4 57. Re8+ Kd4 58. Rf8 Kc3 59.
Rc8+ Kb3 60. Rc5 b4 61. Kd1 a3 62. Ra5 a2 63. Ra8 Kb2 64. Ra7 a1=Q+ 65. Rxa1
Kxa1 66. Ke1 b3 67. Kf1 f3 68. Ke1 b2 69. Kd1 b1=Q# 0-1

[Event "AUTO-ELITE-1955"]
[Site "http://www.queenalice.com/game.php?id=1555151"]
[Date "2019.1.3"]
[Round "3"]
[White "FabioDavid"]
[Black "ezat"]
[Result "1-0"]
[WhiteElo "2411"]
[BlackElo "2307"]

1. b3 c5 2. Bb2 Nc6 3. Nf3 Nf6 4. e3 g6 5. d4 cxd4 6. Nxd4 Bg7 7. Nxc6 bxc6 8.
Be2 O-O 9. O-O Qc7 10. Qc1 d5 11. Nd2 Bd7 12. c4 Qb7 13. Be5 a5 14. Qc3 Bf5 15.
Rfd1 a4 16. b4 Rfd8 17. a3 Kf8 18. Rac1 Qa6 19. b5 cxb5 20. cxb5 Qb7 21. Qb4
Rdc8 22. Bf3 Bc2 23. Re1 Kg8 24. b6 Ra6 25. Nc4 Bf5 26. Bd4 Bf8 27. Ne5 Raa8 28.
Rxc8 Rxc8 29. Qxa4 e6 30. Qa7 Qxa7 31. bxa7 h6 32. Be2 g5 33. g4 Bh7 34. Ba6 Ra8
35. Bb7 Rxa7 36. Bxa7 Bxa3 37. f3 Bb2 38. Bd4 Bxd4 39. exd4 Kf8 40. Ra1 h5 41.
Ra7 hxg4 42. fxg4 1-0

[Event "AUTO-ELITE-1955"]
[Site "http://www.queenalice.com/game.php?id=1555152"]
[Date "2019.1.3"]
[Round "3"]
[White "ezat"]
[Black "FabioDavid"]
[Result "0-1"]
[WhiteElo "2314"]
[BlackElo "2468"]

1. e4 e5 2. Bc4 c6 3. Nc3 Bb4 4. a3 Bxc3 5. dxc3 d6 6. Qh5 Qe7 7. Bg5 Nf6 8. Qh4
Be6 9. Bxe6 fxe6 10. Nf3 Nbd7 11. O-O-O b5 12. Be3 O-O 13. Rhe1 a5 14. Kb1 b4
15. cxb4 axb4 16. axb4 Rfb8 17. c3 c5 18. bxc5 Nxc5 19. Bxc5 dxc5 20. Nxe5 Qb7
21. Nd3 Qb3 22. Rd2 Ra2 23. Rde2 c4 24. Qf4 Rba8 25. Kc1 cxd3 26. Qe5 dxe2 27.
Rxe2 Ra1+ 28. Kd2 Qd1+ 29. Ke3 Ng4+ 30. Kf4 Nxe5 31. Kxe5 Qxe2 32. c4 R1a5+ 0-1